Der Fall Hetzel

Guardado en:  
Detalles Bibliográficos
Autor principal: Prokop, Otto (Autor)
Tipo de documento: Print Artículo
Lenguaje:Alemán
Publicado: 1970
En: Kriminalistik und forensische Wissenschaften
Año: 1970, Volumen: 2, Páginas: 81-111
Verificar disponibilidad: HBZ Gateway
Palabras clave:

MARC

LEADER 00000caa a22000002c 4500
001 1432438743
003 DE-627
005 20260422080959.0
007 tu
008 120323s1970 xx ||||| 00| ||ger c
035 |a (DE-627)1432438743 
035 |a (DE-576)362438749 
035 |a (DE-599)BSZ362438749 
040 |a DE-627  |b ger  |c DE-627  |e rakwb 
041 |a ger 
100 1 |a Prokop, Otto  |4 aut 
245 1 4 |a Der Fall Hetzel  |c Otto Prokop 
264 1 |c 1970 
336 |a Text  |b txt  |2 rdacontent 
337 |a ohne Hilfsmittel zu benutzen  |b n  |2 rdamedia 
338 |a Band  |b nc  |2 rdacarrier 
773 0 8 |i In  |t Kriminalistik und forensische Wissenschaften  |d Heidelberg : Kriminalistik Verl., 1970  |g 2(1970), Seite 81-111  |w (DE-627)129094137  |w (DE-600)7149-3  |w (DE-576)01443007X  |x 0023-4702  |7 nnas 
773 1 8 |g volume:2  |g year:1970  |g pages:81-111 
951 |a AR 
ELC |b 1 
LOK |0 000 xxxxxcx a22 zn 4500 
LOK |0 001 2708915665 
LOK |0 003 DE-627 
LOK |0 004 1432438743 
LOK |0 005 20260422080959 
LOK |0 008 120323||||||||||||||||ger||||||| 
LOK |0 040   |a DE-21-110  |c DE-627  |d DE-21-110 
LOK |0 689   |a s  |a Begutachtung 
LOK |0 689   |a s  |a Wiederaufnahmeverfahren 
LOK |0 852   |a DE-21-110 
LOK |0 852 1  |m p  |9 00 
LOK |0 935   |a k110 
LOK |0 938   |k p 
LOK |0 939   |a 2012-03-23  |b l01 
ORI |a WA-MARC-krimdoka001.raw